00850nam a2200229 a 450000100060000000300080000600500170001400800410003103500190007204000270009104100080011808200260012610000370015224500580018926000460024730000710029350400410036460000400040594200120044599900170045795201460047423802BD-RjUL20211209000955.0140311s1966 nyu b 001 0 eng d a(BD-RjUL)23867 aANLbengcANLdBD-RjUL aeng04a954.0350924bSES 19661 aSengupta, Padmini,d1905-97330010aSarojini Naidu :ba biography /cby Padmini Sengupta. aNew York :bAsia Publishing House,c1966. axi, 359. p. :bfront., 12 plates (incl. ports. facsims.) ;c22 cm. aBibliography: p. 349-352. and index.10aNaidu, Sarojini,d1879-1949.973304 2ddccBK c23802d23802 00102ddc40728NFICaRUCLbRUCLcReadingd1970-06-29eZeitlinger.g60.00l0o954.0350924 SES 1966r2014-03-11 00:00:00tC-1w2014-03-11yBK